[Event "Olympiad-44"]
[Site "Chennai"]
[Date "2022.08.03"]
[Round "6.2"]
[White "Gontcharov, Serguei"]
[Black "Young, Christopher1111"]
[Result "1/2-1/2"]
[WhiteElo "1864"]
[BlackElo "1620"]
[PlyCount "82"]
[EventDate "2022.07.29"]
[EventType "team-swiss"]
[EventRounds "11"]
[EventCountry "IND"]
[SourceTitle "CBM 210"]
[Source "ChessBase"]
[SourceDate "2022.10.31"]
[SourceVersion "1"]
[SourceVersionDate "2022.10.31"]
[SourceQuality "1"]
[WhiteTeam "Bermuda"]
[BlackTeam "Cayman Islands"]
[WhiteTeamCountry "BER"]
[BlackTeamCountry "CAY"]

1. e4 c5 2. Nf3 e6 3. d4 cxd4 4. Nxd4 a6 5. c4 Qc7 6. a3 Nc6 7. Nc3 Nf6 8. Be3 Be7 9. Be2 0-0 10. 0-0 d6 11. Rc1 Bd7 12. b4 Rac8 13. Nb3 Qb8 14. Bf4 Ne5 15. Bxe5 dxe5 16. c5 Rfd8 17. Qc2 Qa7 18. Qb2 b6 19. cxb6 Qxb6 20. Bf3 Bc6 21. Rfd1 Nd7 22. Na5 Bg5 23. Rb1 Qc7 24. Nxc6 Qxc6 25. Ne2 Qc2 26. g3 g6 27. h4 Be7 28. Kg2 Nb6 29. Rxd8+ Bxd8 30. Qxc2 Rxc2 31. b5 axb5 32. Rxb5 Ra2 33. Ra5 Be7 34. Rxe5 Rxa3 35. Rb5 Nc4 36. Nd4 Nd2 37. Rb8+ Bf8 38. Rd8 Nxf3 39. Nxf3 Kg7 40. Rd2 Bb4 41. Re2 Ra5 1/2-1/2

[Event "Online Olym Div4 E"]
[Site "Chess.com INT"]
[Date "2021.08.22"]
[Round "8.5"]
[White "Zilleruelo Irizarry, Diego"]
[Black "Gontcharov, Serguei"]
[Result "0-1"]
[WhiteElo "2102"]
[BlackElo "1864"]
[PlyCount "96"]
[EventDate "2021.08.20"]
[EventType "team (rapid)"]
[EventRounds "11"]
[EventCountry "USA"]
[SourceTitle "CBM 203 Extra"]
[Source "ChessBase"]
[SourceDate "2021.09.30"]
[SourceVersion "1"]
[SourceVersionDate "2021.09.30"]
[SourceQuality "1"]
[WhiteTeam "Puerto Rico"]
[BlackTeam "Bermuda"]
[WhiteTeamCountry "PUR"]
[BlackTeamCountry "BER"]

1. e4 c5 2. Nf3 e6 3. c3 d5 4. exd5 exd5 5. d4 Nf6 6. Bd3 c4 7. Be2 Bd6 8. b3 cxb3 9. axb3 0-0 10. 0-0 Nc6 11. Bg5 h6 12. Bh4 Be6 13. Nbd2 a6 14. c4 Rc8 15. c5 Bc7 16. Bd3 Bg4 17. h3 Be6 18. Bb1 g5 19. Bg3 Bxg3 20. fxg3 Ne4 21. Nxe4 dxe4 22. Bxe4 Bd5 23. Bxd5 Qxd5 24. Qd3 Rcd8 25. Rad1 Rd7 26. Qc4 Rfd8 27. Qc2 Qe6 28. Rde1 Qd5 29. Rd1 Qe6 30. Rfe1 Qf6 31. d5 Rxd5 32. Rxd5 Rxd5 33. Re8+ Kg7 34. Qe4 Qa1+ 35. Kh2 Rd1 36. g4 Qf6 37. b4 Nd4 38. Ne5 Rd2 39. Nd3 Nf3+ 40. Kg3 Rxd3 41. Qxd3 Qf4+ 42. Kf2 Ne5+ 43. Qf3 Nxf3 44. gxf3 Qxb4 45. Rc8 Qd4+ 46. Kg2 a5 47. Rc7 Qd5 48. Rc8 a4 0-1

[Event "Online Olym Div4 E"]
[Site "Chess.com INT"]
[Date "2020.07.31"]
[Round "3.2"]
[White "Gontcharov, Serguei"]
[Black "Alfaro Caracas, William"]
[Result "0-1"]
[WhiteElo "1864"]
[BlackElo "2135"]
[PlyCount "50"]
[EventDate "2020.07.31"]
[EventType "team-tourn (rapid)"]
[EventRounds "9"]
[EventCountry "USA"]
[SourceTitle "CBM 198"]
[Source "ChessBase"]
[SourceDate "2020.10.31"]
[SourceVersion "1"]
[SourceVersionDate "2020.10.31"]
[SourceQuality "1"]
[WhiteTeam "Bermuda"]
[BlackTeam "Nicaragua"]
[WhiteTeamCountry "BER"]
[BlackTeamCountry "NCA"]

1. e4 e6 2. d4 d5 3. e5 c5 4. c3 Nc6 5. Nf3 Qb6 6. Bd3 cxd4 7. cxd4 Bd7 8. 0-0 Nxd4 9. Nbd2 Nc6 10. Nb3 Nge7 11. Be3 Qc7 12. Nc5 Ng6 13. Rc1 Rc8 14. b4 Bxc5 15. Bxc5 Ncxe5 16. Nxe5 Nxe5 17. Be2 b6 18. Ba6 bxc5 19. Rxc5 Qb8 20. Bxc8 Bxc8 21. Re1 0-0 22. Qd4 Nc4 23. Rb1 Bd7 24. Rb3 Rc8 25. Rg3 g6 0-1

[Event "Online Olym Div4 E"]
[Site "Chess.com INT"]
[Date "2020.07.31"]
[Round "1.3"]
[White "Gontcharov, Serguei"]
[Black "Kamara, Ansumana"]
[Result "0-1"]
[WhiteElo "1864"]
[BlackElo "1899"]
[PlyCount "58"]
[EventDate "2020.07.31"]
[EventType "team-tourn (rapid)"]
[EventRounds "9"]
[EventCountry "USA"]
[SourceTitle "CBM 198"]
[Source "ChessBase"]
[SourceDate "2020.10.31"]
[SourceVersion "1"]
[SourceVersionDate "2020.10.31"]
[SourceQuality "1"]
[WhiteTeam "Bermuda"]
[BlackTeam "Sierra Leone"]
[WhiteTeamCountry "BER"]
[BlackTeamCountry "SIE"]

1. e4 e5 2. Nf3 Nc6 3. d4 exd4 4. Nxd4 d6 5. Nc3 Nf6 6. Nxc6 bxc6 7. Qe2 Be7 8. b3 0-0 9. Bb2 Bd7 10. 0-0-0 c5 11. Kb1 a5 12. f3 a4 13. e5 Ne8 14. Nd5 axb3 15. axb3 Be6 16. Nxe7+ Qxe7 17. g4 d5 18. f4 g6 19. f5 gxf5 20. gxf5 Bxf5 21. Rg1+ Bg6 22. Rxd5 c6 23. Rd2 Ng7 24. Bh3 Rfb8 25. Bg2 Rxb3 26. Be4 Qxe5 27. cxb3 Bxe4+ 28. Kc1 Ra1+ 29. Bxa1 Qxa1# 0-1

[Event "The Faulks Shield"]
[Site "Hamilton"]
[Date "2019.03.05"]
[Round "6"]
[White "Gontcharov, Serguei"]
[Black "Mufandaedza, Moses"]
[Result "1/2-1/2"]
[WhiteElo "1879"]
[BlackElo "1972"]
[PlyCount "73"]
[EventDate "2019.01.29"]
[EventType "swiss"]
[EventRounds "6"]
[EventCountry "BER"]
[SourceTitle "EXT 2021"]
[Source "ChessBase"]
[SourceDate "2020.10.23"]
[SourceVersion "1"]
[SourceVersionDate "2020.10.23"]
[SourceQuality "1"]

1. e4 g6 2. d4 Bg7 3. Bc4 d6 4. Nf3 Nf6 5. Qe2 0-0 6. e5 dxe5 7. dxe5 Nd5 8. 0-0 Bg4 9. Qe4 Bxf3 10. Qxf3 c6 11. Re1 e6 12. Nc3 Nxc3 13. Qxc3 Nd7 14. f4 Nb6 15. Be3 Nd5 16. Bxd5 cxd5 17. Rad1 Rc8 18. Qd3 Qa5 19. a3 Rc6 20. c3 Rfc8 21. g4 Rc4 22. Bd4 Qd8 23. b3 R4c6 24. Qg3 Bf8 25. a4 Be7 26. Rf1 Bc5 27. f5 Qb6 28. fxg6 hxg6 29. Qf4 Bxd4+ 30. cxd4 Rf8 31. Rd3 Qb4 32. Rh3 Rc3 33. Rxc3 Qxc3 34. Rf3 Qe1+ 35. Rf1 Qc3 36. Rf3 Qe1+ 37. Rf1 1/2-1/2

[Event "The Faulks Shield"]
[Site "Hamilton"]
[Date "2019.02.26"]
[Round "5"]
[White "Casanova, Rey"]
[Black "Gontcharov, Serguei"]
[Result "0-1"]
[WhiteElo "1653"]
[BlackElo "1879"]
[PlyCount "60"]
[EventDate "2019.01.29"]
[EventType "swiss"]
[EventRounds "6"]
[EventCountry "BER"]
[SourceTitle "EXT 2021"]
[Source "ChessBase"]
[SourceDate "2020.10.23"]
[SourceVersion "1"]
[SourceVersionDate "2020.10.23"]
[SourceQuality "1"]

1. e4 c5 2. Nf3 e6 3. c4 Qc7 4. Nc3 a6 5. Be2 d6 6. 0-0 Nf6 7. h3 Be7 8. b3 0-0 9. d4 cxd4 10. Nxd4 Nbd7 11. Bd3 b6 12. Re1 Bb7 13. Nf3 Rfd8 14. Bb2 Ne5 15. Nxe5 dxe5 16. Qc2 Bc5 17. Rad1 Rd7 18. Na4 Bd4 19. Bxd4 Rxd4 20. f3 Rad8 21. Be2 b5 22. Nb2 Qc5 23. Nd3 Rxd3+ 24. Kf1 R3d4 25. Rxd4 exd4 26. Rd1 e5 27. Bd3 Nh5 28. cxb5 Qxc2 29. Bxc2 axb5 30. Kf2 Nf4 0-1

[Event "Olympiad-43"]
[Site "Batumi"]
[Date "2018.10.04"]
[Round "10.2"]
[White "Gueye, Elhadji Gorgui"]
[Black "Gontcharov, Serguei"]
[Result "1/2-1/2"]
[WhiteElo "2026"]
[BlackElo "1875"]
[PlyCount "61"]
[EventDate "2018.09.24"]
[EventType "team-swiss"]
[EventRounds "11"]
[EventCountry "GEO"]
[SourceTitle "CBM 187"]
[Source "ChessBase"]
[SourceDate "2018.12.11"]
[SourceVersion "1"]
[SourceVersionDate "2018.12.11"]
[SourceQuality "1"]
[WhiteTeam "Senegal"]
[BlackTeam "Bermuda"]
[WhiteTeamCountry "SEN"]
[BlackTeamCountry "BER"]

1. d4 Nf6 2. c4 c5 3. Nf3 cxd4 4. Nxd4 Nc6 5. Nc3 e6 6. a3 Bc5 7. e3 0-0 8. Be2 d5 9. Nxc6 bxc6 10. 0-0 a5 11. Qc2 Bd6 12. g3 e5 13. Rd1 Be6 14. b3 Re8 15. cxd5 cxd5 16. Nb5 Rc8 17. Qb2 Bb8 18. Bd2 Bg4 19. f3 Bf5 20. Rac1 Qb6 21. Kg2 e4 22. f4 Bg4 23. Nd4 Bxe2 24. Nxe2 Ng4 25. Nd4 g6 26. Rxc8 Rxc8 27. Rc1 Rc5 28. h3 Nf6 29. Rxc5 Qxc5 30. Qc3 Bd6 31. b4 1/2-1/2

[Event "Olympiad-43"]
[Site "Batumi"]
[Date "2018.10.02"]
[Round "8.1"]
[White "Gontcharov, Serguei"]
[Black "Dive, Russell John"]
[Result "0-1"]
[WhiteElo "1875"]
[BlackElo "2297"]
[PlyCount "106"]
[EventDate "2018.09.24"]
[EventType "team-swiss"]
[EventRounds "11"]
[EventCountry "GEO"]
[SourceTitle "CBM 187"]
[Source "ChessBase"]
[SourceDate "2018.12.11"]
[SourceVersion "1"]
[SourceVersionDate "2018.12.11"]
[SourceQuality "1"]
[WhiteTeam "Bermuda"]
[BlackTeam "New Zealand"]
[WhiteTeamCountry "BER"]
[BlackTeamCountry "NZL"]

1. e4 c6 2. d4 d5 3. e5 Bf5 4. h4 h5 5. c4 e6 6. Nc3 Ne7 7. Nge2 Bg4 8. Qb3 Qb6 9. c5 Qc7 10. Ng3 Nf5 11. Nxf5 Bxf5 12. Bg5 Nd7 13. Rd1 f6 14. exf6 gxf6 15. Be3 e5 16. Bd3 Bxd3 17. Rxd3 Bh6 18. Ne2 0-0-0 19. Qa4 a6 20. b4 Rde8 21. Bxh6 Rxh6 22. Re3 Rhh8 23. Qd1 f5 24. g3 f4 25. gxf4 e4 26. Kd2 Nf6 27. f3 exf3 28. Rxf3 Qe7 29. Nc3 Ne4+ 30. Nxe4 Qxe4 31. Kc3 Rhg8 32. Qd3 Qe6 33. f5 Qf6 34. Rff1 Rg2 35. Re1 Reg8 36. Re6 Qd8 37. Rhe1 Qxh4 38. f6 R2g3 39. Re8+ Rxe8 40. Rxe8+ Kd7 41. Re3 Rxe3 42. Qxe3 Qxf6 43. Qh3+ Qe6 44. Qxh5 Qe3+ 45. Kc2 Qf2+ 46. Kd3 Qg3+ 47. Kc2 Ke6 48. Qe8+ Kf5 49. a4 Qg6 50. Qxg6+ Kxg6 51. Kd3 Kf5 52. Ke3 Kg4 53. a5 Kg3 0-1

[Event "Bermuda Festival"]
[Site "Hamilton"]
[Date "2018.08.28"]
[Round "4"]
[White "Mufandaedza, Moses"]
[Black "Gontcharov, Serguei"]
[Result "1-0"]
[WhiteElo "1958"]
[BlackElo "1875"]
[PlyCount "65"]
[EventDate "2018.08.07"]
[EventType "swiss"]
[EventRounds "5"]
[EventCountry "BER"]
[SourceTitle "EXT 2019"]
[Source "ChessBase"]
[SourceDate "2018.10.10"]
[SourceVersion "1"]
[SourceVersionDate "2018.10.10"]
[SourceQuality "1"]

1. d4 Nf6 2. c4 c5 3. d5 b5 4. cxb5 a6 5. bxa6 Bxa6 6. Nc3 g6 7. e4 Bxf1 8. Kxf1 d6 9. Nf3 Bg7 10. g3 0-0 11. Kg2 Nbd7 12. Qc2 Qa5 13. a4 Rfb8 14. Ra3 Qb4 15. Rd1 Ng4 16. Na2 Qb6 17. b3 Nde5 18. Nxe5 Nxe5 19. Bb2 c4 20. b4 Nd3 21. Bxg7 Kxg7 22. b5 Qc5 23. Rc3 Rc8 24. Nc1 Nb4 25. Qb2 Kg8 26. Qa3 Nd3 27. Nxd3 Qxa3 28. Rxa3 cxd3 29. Rdxd3 Rc4 30. a5 Rxe4 31. Rdb3 Rd4 32. b6 Rxd5 33. a6 1-0

[Event "BER-ch"]
[Site "Hamilton"]
[Date "2018.05.29"]
[Round "5"]
[White "Gontcharov, Dimitri"]
[Black "Gontcharov, Serguei"]
[Result "0-1"]
[WhiteElo "1319"]
[BlackElo "1882"]
[PlyCount "56"]
[EventDate "2018.05.01"]
[EventType "swiss"]
[EventRounds "7"]
[EventCountry "BER"]
[SourceTitle "EXT 2024"]
[Source "ChessBase"]
[SourceDate "2023.10.10"]
[SourceVersion "1"]
[SourceVersionDate "2023.10.10"]
[SourceQuality "1"]

1. e4 e5 2. Nf3 d6 3. d4 Nf6 4. Nc3 Nbd7 5. Be2 Be7 6. 0-0 0-0 7. Be3 c6 8. Qd3 Qc7 9. d5 Ng4 10. Bg5 Nc5 11. Qd2 Nf6 12. Qe3 Re8 13. Rad1 Bg4 14. h3 Bh5 15. Rfe1 Bg6 16. Bd3 h6 17. Bh4 Rad8 18. Nd2 a6 19. Nb3 Nxd3 20. cxd3 cxd5 21. exd5 b5 22. Rc1 Qd7 23. Bg3 Nh5 24. Qf3 Bg5 25. Rc2 Rc8 26. Na5 b4 27. Nc6 bxc3 28. bxc3 Qf5 0-1

[Event "BER-ch"]
[Site "Hamilton"]
[Date "2018.05.27"]
[Round "3"]
[White "Mufandaedza, Moses"]
[Black "Gontcharov, Serguei"]
[Result "1/2-1/2"]
[WhiteElo "1961"]
[BlackElo "1882"]
[PlyCount "88"]
[EventDate "2018.05.01"]
[EventType "swiss"]
[EventRounds "7"]
[EventCountry "BER"]
[SourceTitle "EXT 2024"]
[Source "ChessBase"]
[SourceDate "2023.10.10"]
[SourceVersion "1"]
[SourceVersionDate "2023.10.10"]
[SourceQuality "1"]

1. d4 Nf6 2. c4 c5 3. d5 b5 4. cxb5 a6 5. bxa6 Bxa6 6. Nc3 d6 7. e4 Bxf1 8. Kxf1 g6 9. Nf3 Bg7 10. g3 0-0 11. Kg2 Nbd7 12. Qc2 Qa5 13. Bd2 Rfb8 14. Rab1 Ng4 15. Be1 Nge5 16. Nd2 Qa6 17. b3 Nd3 18. Nc4 Nb4 19. Qc1 Nxa2 20. Nxa2 Qxa2 21. Qd1 Bd4 22. Rf1 Ne5 23. Nd2 Nd3 24. Nf3 Nxe1+ 25. Nxe1 Ra3 26. Nc2 Raxb3 27. Rxb3 Qxb3 28. Nxd4 Qxd1 29. Rxd1 cxd4 30. Rxd4 Rb3 31. g4 g5 32. f3 Kg7 33. Kg3 Rb2 34. h4 h6 35. Rd3 Rb1 36. Rd2 Rg1+ 37. Kh2 Rf1 38. Kg2 Re1 39. Kf2 Rh1 40. hxg5 hxg5 41. Kg2 Re1 42. Rd4 Kf6 43. Kf2 Ke5 44. Rd2 Rb1 1/2-1/2

[Event "Hamilton The Bermuda Longtail"]
[Site "Hamilton"]
[Date "2018.03.27"]
[Round "3"]
[White "Gontcharov, Serguei"]
[Black "Mufandaedza, Moses"]
[Result "1-0"]
[WhiteElo "1850"]
[BlackElo "1957"]
[PlyCount "57"]
[EventDate "2018.03.13"]
[EventType "swiss"]
[EventRounds "6"]
[EventCountry "BER"]
[SourceTitle "EXT 2024"]
[Source "ChessBase"]
[SourceDate "2023.10.10"]
[SourceVersion "1"]
[SourceVersionDate "2023.10.10"]
[SourceQuality "1"]

1. e4 e5 2. Nf3 Nf6 3. Nxe5 d6 4. Nf3 Nxe4 5. c4 Be7 6. d4 c6 7. Bd3 d5 8. Nc3 Nf6 9. 0-0 0-0 10. Bf4 a6 11. Re1 Nbd7 12. Qb3 dxc4 13. Bxc4 h6 14. a4 a5 15. Bc7 Qxc7 16. Rxe7 Qf4 17. Rxf7 Rxf7 18. Bxf7+ Kh8 19. Re1 Nf8 20. Ne2 Qc7 21. Ne5 g5 22. h4 Kg7 23. hxg5 hxg5 24. Qg3 N8h7 25. Nf4 Bf5 26. Be6 Be4 27. Rxe4 Nxe4 28. Nh5+ Kh6 29. Ng4+ 1-0

[Event "Hamilton The Bermuda Longtail"]
[Site "Hamilton"]
[Date "2017.02.07"]
[Round "1"]
[White "Gontcharov, Serguei"]
[Black "Mufandaedza, Moses"]
[Result "0-1"]
[WhiteElo "1844"]
[BlackElo "1966"]
[PlyCount "78"]
[EventDate "2017.02.07"]
[EventType "swiss"]
[EventRounds "6"]
[EventCountry "BER"]
[SourceTitle "EXT 2024"]
[Source "ChessBase"]
[SourceDate "2023.10.10"]
[SourceVersion "1"]
[SourceVersionDate "2023.10.10"]
[SourceQuality "1"]

1. e4 e5 2. f4 exf4 3. Nf3 g5 4. h4 g4 5. Ne5 Qe7 6. Nxg4 f5 7. Nf2 fxe4 8. Qh5+ Kd8 9. Nc3 c6 10. Qa5+ b6 11. Qf5 d5 12. Qxf4 Bh6 13. Qh2 Nf6 14. Be2 d4 15. Ncxe4 Nxe4 16. Nxe4 Qxe4 17. Qd6+ Nd7 18. Qxh6 Re8 19. Qh5 Nf6 20. Qf3 Qe5 21. Rf1 Re7 22. Rf2 Ne4 23. d3 Nxf2 24. Bg5 Ng4 25. Bxe7+ Qxe7 26. 0-0-0 Qe3+ 27. Qxe3 Nxe3 28. Rg1 Bg4 29. Bxg4 Nxg4 30. Rf1 Ke7 31. Rf4 Rg8 32. Rxd4 Ke6 33. Re4+ Kd6 34. Rd4+ Kc7 35. Rf4 Rg7 36. Kd2 Ne5 37. Rf2 Rg4 38. h5 Rh4 39. Re2 Kd6 0-1